000 00622nam a2200229 i 4500
001 C2-0297452
003 PPAK
005 20180728075653.0
008 090518s2003 ii |||| ||||| | tam d
040 _aPPAK
_beng
_cPPAK
_erda
082 0 4 _a641.59
_223
090 0 0 _a641.59
_bPET
_dG
100 1 _aPeter, Georgina,
_eauthor
245 1 0 _aSeenathu samayal
264 1 _aChennai, India :
_bParvathi Kannadhasan Pathippagam ,
_c2003
300 _a112 pages ;
_c18 cm
336 _2rdacontent
_atext
337 _2rdamedia
_aunmediated
338 _2rdacarrier
_avolume
650 1 0 _aCookery, Chinese
942 _ddc
_cB
999 _c101824
_d101824